<?xml version="1.0" encoding="UTF-8"?>
<record
    xmlns:xsi="http://www.w3.org/2001/XMLSchema-instance"
    xsi:schemaLocation="http://www.loc.gov/MARC21/slim http://www.loc.gov/standards/marcxml/schema/MARC21slim.xsd"
    xmlns="http://www.loc.gov/MARC21/slim">

  <leader>00860nam a22001937a 4500</leader>
  <controlfield tag="005">20240206110145.0</controlfield>
  <datafield tag="010" ind1=" " ind2=" ">
    <subfield code="a">HIN-126823</subfield>
  </datafield>
  <datafield tag="020" ind1=" " ind2=" ">
    <subfield code="a">9788195171712</subfield>
    <subfield code="c">495.00</subfield>
  </datafield>
  <datafield tag="035" ind1=" " ind2=" ">
    <subfield code="a">HN-99169</subfield>
  </datafield>
  <datafield tag="037" ind1=" " ind2=" ">
    <subfield code="b">DBAD/PUB</subfield>
  </datafield>
  <datafield tag="082" ind1=" " ind2=" ">
    <subfield code="a">863</subfield>
  </datafield>
  <datafield tag="100" ind1=" " ind2=" ">
    <subfield code="a">&#x90F;&#x926;&#x941;&#x906;&#x930;&#x94D;&#x926;&#x94B; &#x917;&#x93E;&#x932;&#x947;&#x906;&#x928;&#x94B;</subfield>
    <subfield code="9">61721</subfield>
  </datafield>
  <datafield tag="245" ind1=" " ind2=" ">
    <subfield code="a">&#x92F;&#x93E;&#x926;&#x94B;&#x902; &#x915;&#x940; &#x915;&#x93F;&#x924;&#x93E;&#x92C;/</subfield>
    <subfield code="c">&#x90F;&#x926;&#x941;&#x906;&#x930;&#x94D;&#x926;&#x94B; &#x917;&#x93E;&#x932;&#x947;&#x906;&#x928;&#x94B; ;  &#x930;&#x947;&#x92F;&#x93E;&#x91C;&#x941;&#x932; &#x939;&#x915;&#x93C; &#x926;&#x94D;&#x935;&#x93E;&#x930;&#x93E; &#x905;&#x928;&#x941;&#x935;&#x93E;&#x926;&#x93F;&#x924; </subfield>
  </datafield>
  <datafield tag="260" ind1=" " ind2=" ">
    <subfield code="a">&#x939;&#x930;&#x93F;&#x92F;&#x93E;&#x923;&#x93E;</subfield>
    <subfield code="b">&#x906;&#x927;&#x93E;&#x930; &#x92A;&#x94D;&#x930;&#x915;&#x93E;&#x936;&#x928; </subfield>
    <subfield code="c">2021</subfield>
  </datafield>
  <datafield tag="270" ind1=" " ind2=" ">
    <subfield code="a">&#x938;&#x947;&#x915;&#x94D;&#x91F;&#x930; -16 ,&#x92A;&#x902;&#x91A;&#x915;&#x941;&#x932;&#x93E;</subfield>
    <subfield code="b">&#x939;&#x930;&#x93F;&#x92F;&#x93E;&#x923;&#x93E;</subfield>
    <subfield code="e">134113</subfield>
  </datafield>
  <datafield tag="300" ind1=" " ind2=" ">
    <subfield code="a">224 &#x92A;&#x943;.;</subfield>
    <subfield code="c">22 &#x938;&#x947;&#x92E;&#x940;.(&#x938;&#x91C;&#x93F;&#x932;&#x94D;&#x926;)</subfield>
    <subfield code="b"> </subfield>
  </datafield>
  <datafield tag="710" ind1=" " ind2=" ">
    <subfield code="a">&#x930;&#x947;&#x92F;&#x93E;&#x91C;&#x941;&#x932; &#x939;&#x915; </subfield>
    <subfield code="e">&#x905;&#x928;&#x941;&#x935;&#x93E;&#x926;&#x915; </subfield>
    <subfield code="9">61553</subfield>
  </datafield>
  <datafield tag="942" ind1=" " ind2=" ">
    <subfield code="2">ddc</subfield>
    <subfield code="c">HN</subfield>
    <subfield code="h">863</subfield>
    <subfield code="m">&#x90F;&#x926;&#x941;&#x906;</subfield>
  </datafield>
  <datafield tag="999" ind1=" " ind2=" ">
    <subfield code="c">200514</subfield>
    <subfield code="d">200514</subfield>
  </datafield>
  <datafield tag="952" ind1=" " ind2=" ">
    <subfield code="0">0</subfield>
    <subfield code="1">0</subfield>
    <subfield code="4">0</subfield>
    <subfield code="7">0</subfield>
    <subfield code="8">NFIC</subfield>
    <subfield code="a">ZLS</subfield>
    <subfield code="b">ZLS</subfield>
    <subfield code="d">2024-02-01</subfield>
    <subfield code="e">DBAD/PUB</subfield>
    <subfield code="g">495.00</subfield>
    <subfield code="l">2</subfield>
    <subfield code="m">1</subfield>
    <subfield code="o">863 &#x90F;&#x926;&#x941;&#x906;</subfield>
    <subfield code="p">HN-99169</subfield>
    <subfield code="r">2024-09-11 00:00:00</subfield>
    <subfield code="s">2024-08-29</subfield>
    <subfield code="t">1</subfield>
    <subfield code="v">495.00</subfield>
    <subfield code="w">2024-02-01</subfield>
    <subfield code="y">HN</subfield>
  </datafield>
</record>
